| 000 | 00635nam a2200205 a 4500 | ||
|---|---|---|---|
| 005 | 20240514063717.0 | ||
| 008 | 080219s2002 mx r 000 0 spa d | ||
| 020 | _a842612514X | ||
| 035 | _aUPN01000154328 | ||
| 049 | _aI | ||
| 050 | 4 |
_aPZ71 _bW5.7 2002 |
|
| 100 | 1 |
_aWilhelm, Hans, _d1945- _932847 |
|
| 245 | 1 | 1 |
_a¡Seamos amigos otra vez! / _cHans Wilhelm ; tr. Concepción Zendrea. |
| 250 | _a3a ed. | ||
| 260 |
_aBarcelona, Esp. : _bJuventud, _c2002. |
||
| 300 |
_a[27] p. : _bil. col. |
||
| 534 |
_pTraducción de: _tLet's Be Friends, Again |
||
| 650 | 4 |
_aHermanos y hermanas _vLiteratura infantil _98964 |
|
| 905 | _aInfantil | ||
| 999 |
_c126445 _d126445 |
||